50 Most Densely-Populated Countries of the World - Statistics

General Stats
  • This quiz has been taken 1,237 times
  • The average score is 35 of 50
Answer Stats
Pop./km2 Country % Correct
16,923 Monaco
92%
7,148 Singapore
88%
1,877 Vatican City
88%
964 Bangladesh
87%
194 Luxembourg
86%
368 India
85%
337 Japan
85%
225 Liechtenstein
85%
184 Andorra
83%
505 San Marino
83%
412 Netherlands
81%
255 United Kingdom
81%
487 South Korea
79%
355 Belgium
78%
1,322 Malta
76%
362 Haiti
75%
639 Taiwan
74%
1,646 Bahrain
73%
371 Israel
73%
207 Dominican Republic
72%
229 Germany
71%
259 Vietnam
70%
595 Barbados
68%
247 Jamaica
68%
444 Nauru
67%
240 Pakistan
66%
199 Saint Kitts and Nevis
66%
319 Saint Lucia
65%
281 Saint Vincent and the Grenadines
65%
307 Philippines
64%
261 Trinidad and Tobago
64%
199 Antigua and Barbuda
63%
200 Italy
63%
1,037 Maldives
63%
402 Tuvalu
63%
302 Grenada
62%
404 Lebanon
62%
185 Seychelles
61%
200 Kuwait
60%
308 Sri Lanka
60%
631 Mauritius
59%
380 Rwanda
59%
199 Nepal
58%
302 Comoros
56%
200 North Korea
56%
188 Switzerland
56%
298 Burundi
55%
169 Sao Tome and Principe
53%
343 Marshall Islands
51%
293 El Salvador
47%
No matching quizzes found
Score Distribution
Percent of People with Each Score
Percentile by Number Answered
Your Score History
You have not taken this quiz